[Event "Niederbayern-ch"]
[Site "Regen"]
[Date "2015.06.19"]
[Round "4"]
[White "Bangert, Ruediger"]
[Black "Lichtmannecker, Hans Juergen"]
[Result "0-1"]
[WhiteElo "1614"]
[BlackElo "1737"]
[PlyCount "90"]
[EventDate "2015.06.18"]
[EventType "swiss"]
[EventRounds "7"]
[EventCountry "GER"]
[SourceTitle "EXT 2023"]
[Source "ChessBase"]
[SourceDate "2022.10.05"]
[SourceVersion "1"]
[SourceVersionDate "2022.10.05"]
[SourceQuality "1"]

1. d4 d6 2. e4 e5 3. dxe5 dxe5 4. Qxd8+ Kxd8 5. Nf3 f6 6. Be2 Be6 7. Nbd2 Bc5 8. 0-0 c6 9. Rd1 Kc7 10. a3 Nd7 11. b4 Be7 12. Bb2 Rd8 13. c4 Kb8 14. h3 Nh6 15. Bc3 g5 16. g4 Nf7 17. Kg2 h5 18. Kg3 h4+ 19. Kg2 Nf8 20. Nb3 Ng6 21. Rxd8+ Rxd8 22. Bd2 Nd6 23. Nc5 Bxc4 24. Bxc4 Nxc4 25. Be3 Bxc5 26. bxc5 Rd3 27. Bc1 Nf4+ 28. Bxf4 exf4 29. a4 Ne5 30. Nxe5 fxe5 31. f3 Kc7 32. Rc1 Rd2+ 33. Kg1 Ra2 34. Rc4 b5 35. cxb6+ axb6 36. Kh1 c5 37. Kg1 Kc6 38. Kh1 b5 39. axb5+ Kxb5 40. Rc1 Ra3 41. Kg2 c4 42. Rd1 c3 43. Rd5+ Kc4 44. Rxe5 Ra2+ 45. Kg1 c2 0-1

[Event "Arber op 3rd"]
[Site "Bayerisch Eisenstein"]
[Date "2014.08.21"]
[Round "6"]
[White "Hubel, Hans Martin"]
[Black "Bangert, Ruediger"]
[Result "1-0"]
[WhiteElo "1795"]
[BlackElo "1626"]
[PlyCount "113"]
[EventDate "2014.08.16"]
[EventType "swiss"]
[EventRounds "9"]
[EventCountry "GER"]
[SourceTitle "CBM 161 Extra"]
[Source "ChessBase"]
[SourceDate "2014.08.29"]
[SourceVersion "1"]
[SourceVersionDate "2014.08.29"]
[SourceQuality "1"]

1. e4 d6 2. d4 Nf6 3. Nc3 g6 4. Be2 Bg7 5. h4 h5 6. Nh3 b6 7. Bf3 c6 8. Bf4 Bb7 9. e5 Nd5 10. Nxd5 cxd5 11. e6 fxe6 12. Qd3 Kd7 13. 0-0-0 Qe8 14. Rhe1 Bf6 15. Bg5 Nc6 16. c3 Bxg5+ 17. hxg5 Rf8 18. Rd2 a5 19. Bd1 Ba6 20. Qe3 e5 21. dxe5 Nxe5 22. Rxd5 Kc7 23. f4 Nc4 24. Qxe7+ Qxe7 25. Rxe7+ Kd8 26. Rg7 a4 27. Bxa4 b5 28. Bxb5 Bxb5 29. Rxb5 Re8 30. Rbb7 Re1+ 31. Kc2 d5 32. Rg8+ Re8 33. Rxe8+ Kxe8 34. a3 Kf8 35. Kd3 Re8 36. Ng1 Re4 37. Ne2 Re3+ 38. Kd4 Rxe2 39. Kxd5 Nxb2 40. f5 gxf5 41. g6 Rxg2 42. Rf7+ Kg8 43. Rxf5 Nd3 44. Kd4 Rg3 45. Rxh5 Kg7 46. Rb5 Nf4 47. a4 Rxg6 48. a5 Ne6+ 49. Kc4 Nd8 50. Rd5 Nc6 51. Rd7+ Kf8 52. Kb5 Ke8 53. Rh7 Kd8 54. a6 Nb8 55. a7 Rg5+ 56. Ka4 Kc8 57. Rh8+ 1-0

[Event "Arber op 2nd"]
[Site "Bayerisch Eisenstein"]
[Date "2013.07.01"]
[Round "3"]
[White "Bangert, Ruediger"]
[Black "Gschwendtner, Stanislav"]
[Result "0-1"]
[WhiteElo "1666"]
[BlackElo "2024"]
[PlyCount "50"]
[EventDate "2013.06.29"]
[EventType "swiss"]
[EventRounds "9"]
[EventCountry "GER"]
[SourceTitle "CBM 155 Extra"]
[Source "ChessBase"]
[SourceDate "2013.08.26"]
[SourceVersion "1"]
[SourceVersionDate "2013.08.26"]
[SourceQuality "1"]

1. d4 Nf6 2. c4 g6 3. Nc3 d5 4. g3 dxc4 5. e3 Bg7 6. Bxc4 0-0 7. Nge2 Bg4 8. h3 Bf3 9. Rg1 c5 10. Qb3 Nc6 11. d5 Na5 12. Qa4 Nxc4 13. Qxc4 Nxd5 14. Nxd5 Qxd5 15. Qxd5 Bxd5 16. Nc3 Bf3 17. Ne2 Rfd8 18. Bd2 Rd7 19. Bc3 Rad8 20. Bxg7 Kxg7 21. b3 Rd2 22. Nc3 Rc2 23. Nb5 a6 24. Na3 Rcd2 25. Nc4 Rd1+ 0-1

[Event "Bad Woerishofen op 29th"]
[Site "Bad Woerishofen"]
[Date "2013.03.08"]
[Round "8"]
[White "Bangert, Ruediger"]
[Black "Von Saldern, Ruediger"]
[Result "0-1"]
[WhiteElo "1694"]
[BlackElo "1964"]
[PlyCount "80"]
[EventDate "2013.03.01"]
[EventType "swiss"]
[EventRounds "9"]
[EventCountry "GER"]
[SourceTitle "CBM 153 Extra"]
[Source "ChessBase"]
[SourceDate "2013.04.22"]
[SourceVersion "1"]
[SourceVersionDate "2013.04.22"]
[SourceQuality "1"]

1. Nf3 d5 2. d4 Nf6 3. c4 e6 4. e3 Be7 5. Nc3 0-0 6. cxd5 exd5 7. Be2 c6 8. a4 Bf5 9. Bd2 Nbd7 10. Nh4 Be6 11. Nf3 Qb6 12. 0-0 Ne4 13. Nxe4 dxe4 14. Ne1 c5 15. a5 Qb3 16. Qxb3 Bxb3 17. Bd1 Be6 18. f3 cxd4 19. exd4 Bc4 20. Rf2 Bf6 21. Be3 Rfe8 22. fxe4 Rxe4 23. Bf3 Rxe3 24. Bxb7 Rd8 25. Nf3 Rb3 26. Be4 Ba6 27. Kh1 Nf8 28. Bc2 Rb4 29. Raf1 Bxf1 30. Rxf1 Bxd4 31. Ng5 f6 32. Nf3 Rxb2 33. Be4 Ne6 34. a6 Ng5 35. Nxg5 fxg5 36. g3 Bb6 37. Re1 g6 38. Bb7 Rdd2 39. Re8+ Kg7 40. Re7+ Kh6 0-1

[Event "Rostock SSC 07 op 11th"]
[Site "Rostock"]
[Date "2012.08.01"]
[Round "2"]
[White "Bangert, Ruediger"]
[Black "Schamber, Dennis"]
[Result "1-0"]
[WhiteElo "1698"]
[BlackElo "1297"]
[PlyCount "36"]
[EventDate "2012.08.01"]
[EventType "swiss"]
[EventRounds "7"]
[EventCountry "GER"]
[SourceTitle "EXT 2017"]
[Source "ChessBase"]
[SourceDate "2016.10.25"]
[SourceVersion "1"]
[SourceVersionDate "2016.10.25"]
[SourceQuality "1"]

1. c4 e5 2. Nc3 Nf6 3. d3 Nc6 4. Nf3 Bc5 5. Bg5 d6 6. e3 h6 7. Bh4 Be6 8. Be2 g5 9. Bg3 g4 10. Nd2 h5 11. Bh4 Rh6 12. Nde4 Bb4 13. a3 Bc5 14. Nxf6+ Rxf6 15. Ne4 Qc8 16. Nxf6+ Kf8 17. Nxh5 d5 18. cxd5 Bxd5 1-0

[Event "Bad Woerishofen op 28th"]
[Site "Bad Woerishofen"]
[Date "2012.03.08"]
[Round "7"]
[White "Fischer, Peter2222"]
[Black "Bangert, Ruediger"]
[Result "0-1"]
[WhiteElo "1875"]
[BlackElo "1685"]
[PlyCount "22"]
[EventDate "2012.03.02"]
[EventType "swiss"]
[EventRounds "9"]
[EventCountry "GER"]
[SourceTitle "EXT 2019"]
[Source "ChessBase"]
[SourceDate "2018.10.10"]
[SourceVersion "1"]
[SourceVersionDate "2018.10.10"]
[SourceQuality "1"]

1. e4 Nc6 2. Nf3 d6 3. d4 Bg4 4. Be2 e6 5. 0-0 g6 6. c3 a6 7. Be3 Bg7 8. Re1 Nf6 9. Nbd2 h5 10. h3 Bxf3 11. Nxf3 Nxe4 0-1

[Event "Seefeld op 20th"]
[Site "Seefeld"]
[Date "2009.10.01"]
[Round "8"]
[White "Bangert, Ruediger"]
[Black "Egger, Herbert"]
[Result "0-1"]
[WhiteElo "1694"]
[BlackElo "1770"]
[PlyCount "78"]
[EventDate "2009.09.24"]
[EventType "swiss"]
[EventRounds "9"]
[EventCountry "AUT"]
[SourceTitle "EXT 2012"]
[Source "ChessBase"]
[SourceDate "2011.11.24"]
[SourceVersion "1"]
[SourceVersionDate "2011.11.24"]
[SourceQuality "1"]

1. d4 d5 2. c4 c6 3. e3 Nf6 4. Nc3 Bg4 5. Nf3 Nbd7 6. h3 Bh5 7. g4 Bg6 8. g5 Ne4 9. Nxe4 Bxe4 10. Rg1 e6 11. Nd2 Bb4 12. cxd5 cxd5 13. f3 Bf5 14. h4 h6 15. Ke2 hxg5 16. hxg5 Rh2+ 17. Rg2 Rxg2+ 18. Bxg2 Qxg5 19. Qh1 0-0-0 20. Nb3 Qe7 21. a3 Bd6 22. Na5 e5 23. Nb3 e4 24. Kd2 Nb6 25. Ke2 Qc7 26. Bd2 Qc4+ 27. Kf2 Qxb3 28. Bc3 Qc2+ 29. Kg1 Bg3 30. Rf1 Qe2 31. Bh3 Qxe3+ 32. Kg2 g6 33. Bxf5+ gxf5 34. Qh7 Qg5 35. Kh1 Qf4 36. Kg2 Nc4 37. Kh1 exf3 38. Qh5 f2 39. b3 Qe4+ 0-1

[Event "Merano Cup Gold 37th"]
[Site "Merano"]
[Date "2009.04.19"]
[Round "3"]
[White "Egger, Herbert"]
[Black "Bangert, Ruediger"]
[Result "1/2-1/2"]
[WhiteElo "1782"]
[BlackElo "1709"]
[PlyCount "52"]
[EventDate "2009.04.17"]
[EventType "swiss"]
[EventRounds "9"]
[EventCountry "ITA"]
[SourceTitle "CBM 130 Extra"]
[Source "ChessBase"]
[SourceDate "2009.07.02"]
[SourceVersion "2"]
[SourceVersionDate "2009.07.15"]
[SourceQuality "1"]

1. e4 d6 2. d4 g6 3. Nf3 Nf6 4. Nc3 Bg7 5. Bc4 0-0 6. 0-0 Bg4 7. h3 Bd7 8. a3 a5 9. Qe2 c5 10. d5 Re8 11. Bf4 Nh5 12. Bh2 Na6 13. e5 Bh8 14. e6 fxe6 15. dxe6 Bc6 16. Ng5 Bg7 17. Nf7 Qc7 18. Qe3 Rab8 19. Rab1 b5 20. Bd5 b4 21. Bxc6 Qxc6 22. Ne4 Qd5 23. Neg5 Qd4 24. Qf3 Nf6 25. Rfe1 Qc4 26. Re4 Qd5 1/2-1/2